Predseda JRD
Na minha lista:
| Autor principal: | |
|---|---|
| Formato: | Livro |
| Idioma: | eslovaco |
| Publicado em: |
[S.l.]
Sírius Cybernetics
2010
|
| Assuntos: | |
| Tags: |
Sem tags, seja o primeiro a adicionar uma tag!
|
MARC
| LEADER | 00000nam a2200000 4500 | ||
|---|---|---|---|
| 001 | 0125059 | ||
| 005 | 20221124121410.5 | ||
| 020 | |a 978-80-970497-0-6 | ||
| 041 | 0 | |a slo | |
| 044 | |a SK | ||
| 245 | 1 | 0 | |a Predseda JRD |c Andrej Strýček |
| 264 | 1 | |a [S.l.] |b Sírius Cybernetics |c 2010 | |
| 300 | |a 350 s. | ||
| 610 | 2 | 0 | |a poľnohospodárstvo |
| 610 | 2 | 0 | |a vidiek |
| 610 | 2 | 0 | |a história |
| 610 | 2 | 0 | |a socializmus |
| 610 | 2 | 0 | |a družstevníctvo |
| 610 | 2 | 0 | |a družstvá poľnohospodárske |
| 100 | 1 | |a Strýček, Andrej | |